Hormigón

Saved in:
Bibliografiske detaljer
Hovedforfatter: Fernández Cánovas, Manuel (Author)
Format: Bog
Sprog:spansk
Udgivet: Madrid E.T.S. Ingenieros de Caminos 1991
Udgivelse:2a. ed
Fag:
Tags: Tilføj Tag
Ingen Tags, Vær først til at tagge denne postø!

MARC

LEADER 00000nam a2200000 a 4500
001 UCV5997
003 CL-VaPUC
008 930602e19910000SP |||||||||||||||||spa|d
082 0 4 |a 620.136  |b FER  |2 21 
100 |a Fernández Cánovas, Manuel  |e author  |9 547650 
245 1 0 |a Hormigón 
250 |a 2a. ed 
300 |a 531 p 
942 |c BK 
945 |d 19930602 00:00:00 
260 |a Madrid  |b E.T.S. Ingenieros de Caminos  |c 1991 
650 0 |a Hormigones  |9 262546 
650 0 |a Manuales  |9 257144 
583 |a last modification  |c 19930602 00:00:00  |k Rodrigo Vera 
999 |c 212270  |d 212268